000 00411 a2200181 4500
003 Nust
005 20170207153152.0
040 _cNust
082 _a621.3132
100 _aMarkle, L. E.
245 _aIndustrial motor control
_cL. E. Markle
250 _a1st ed
260 _aBritain
_bU.S.A
_c1945
300 _a89 p.
505 _aNO
538 _aAlmirah No.31 Shelf No.1
650 _aIndustrial motor control
942 _2ddc
_cBK
999 _c180581
_d180581